| LEADER | 01281nam a2200289 u 4500 | ||
|---|---|---|---|
| 001 | 10023327 | ||
| 003 | upatras | ||
| 005 | 20210117205750.0 | ||
| 008 | 990722s1999 gr gre | ||
| 020 | |a 9604315080 | ||
| 040 | |a GR-PaULI |c GR-PaULI | ||
| 041 | 0 | |a gre | |
| 082 | 0 | 4 | |a 547.7 |
| 100 | 1 | |a Καραγιαννίδης, Γεώργιος Π. |9 103838 | |
| 245 | 1 | 0 | |a Σύνθεση και χαρακτηρισμός πολυμερών |c Γεωργίου Παν. Καραγιαννίδη, Ειρήνης Δημ. Σιδερίδου |
| 260 | |a Θεσσαλονίκη |b Ζήτης |c 1999 | ||
| 300 | |a 224 σ. |b πίν. |c 24 εκ. | ||
| 500 | |a Εργαστηριακός οδηγός | ||
| 504 | |a Περιλαμβάνει παράρτημα και βιβλιογραφία | ||
| 650 | 4 | |a Πολυμερή |9 2688 | |
| 650 | 4 | |a Πολυμερή |x Ιδιότητες |9 5299 | |
| 700 | 1 | |a Σιδερίδου, Ειρήνη Δ. |9 103839 | |
| 852 | |a GR-PaULI |b ΠΑΤΡΑ |b ΒΚΠ |b ΒΣ1 |k ΑΣΧΕ |h 547.7 Κ |m 045820 |p 025000058881 |t 1 | ||
| 942 | |2 ddc |c BK15 | ||
| 952 | |0 0 |1 0 |4 0 |6 547_700000000000000_Κ |7 0 |9 189902 |a LISP |b LISP |c BSC |d 2016-04-24 |i 045820 |l 2 |o 547.7 Κ |p 025000058881 |r 2023-11-15 00:00:00 |s 2023-10-31 |t 1 |w 2016-04-24 |y BK15 | ||
| 998 | |c ΜΑΝΙΑΚΗ |d 1999-07 | ||
| 999 | |c 116963 |d 116963 | ||